000 01384cam a22003254i 4500
003 PE-LiUPU
005 20250731175631.0
008 150625s r 000 0 d
035 _a(Sirsi) a30494
040 _aPE-LiUPU
_bspa
_cPE-LiUPU
_erda
082 0 4 _a480
_bV857l
_223
100 1 _aVives, Luis,
_eautor.
245 1 0 _aLengua Griega :
_bLibro primero. Clave de los ejercicios /
_cpor EDELVIVES
264 1 _aZaragoza :
_bEditorial Luis Vives, S. A.
_c[19__].
300 _a96 páginas :
_bCuadros ;
_c20 centímetros.
336 _atext
_2rdacontent
337 _aunmediated
_2rdamedia
338 _avolume
_2rdacarrier
505 _aEl sustantivo la primera declinación -- El sustantivo la segunda declinación -- El sustantivo la tercera declinación -- El adjetivo -- sus grados -- los pronombres -- Los numerales -- Verbos en omega puros no contractos -- Verbos en omega puros contractos -- verbos en omega impuros -- Los temas temporales fuertes -- Los verbos en mi -- EJERCICIOS DE TRADUCCIÓN-- Fábulas de Esopo -- Pasajes del Nuevo Testamento -- Preceptos de Isócrates -- De la anábasis de Jenofonte.
526 _aP145
526 _aP127
526 _aP97
526 _aP35
526 _aP14
526 _aP07
650 0 _aGriego
_91676
942 _2ddc
_cBK
_n0
980 _81
_gALBERTO SANCHEZ Responsable de Automatización
999 _c37944
_d37944